书目信息 |
| 题名: |
社交与礼仪知识全知道
|
|
| 作者: | 翟文明 编著 | |
| 分册: | 3 | |
| 出版信息: | 北京 中国华侨出版社 2015 |
|
| 页数: | 393-588页 | |
| 开本: | 25cm | |
| 丛书名: | ||
| 单 册: | ||
| 中图分类: | C912.12 | |
| 科图分类: | ||
| 主题词: | 心理交往--礼仪--通俗读物 | |
| 电子资源: | ||
| ISBN: | 978-7-5113-5245-3 | |
| 000 | 00859nam0 2200241 45 | |
| 001 | 012001003009 | |
| 005 | 20180926152632.03 | |
| 010 | @a978-7-5113-5245-3@dCNY74.00 | |
| 100 | @a20151229d2015 em y0chiy50 ea | |
| 101 | 0 | @achi |
| 102 | @aCN@b110000 | |
| 105 | @ay z 000yy | |
| 106 | @ar | |
| 200 | 1 | @a社交与礼仪知识全知道@9she jiao yu li yi zhi shi quan zhi dao@b专著@h3@f翟文明编著@FDi Wen Ming Bian Zhu@PDWMBZ |
| 210 | @a北京@c中国华侨出版社@d2015 | |
| 215 | @a393-588页@d25cm | |
| 300 | @a实用经典·海外交流定制版 | |
| 330 | @a本书论述了社交活动中应遵循与注意的规范,和现代社会必需的礼仪技能与知识,具体包括社交心理学、日常交往、识人技巧、语言沟通等内容。 | |
| 606 | 0 | @a心理交往@x礼仪@j通俗读物 |
| 690 | @aC912.12@v5 | |
| 701 | 0 | @a翟文明@9zhai wen ming@4编著 |
| 801 | 0 | @aCN@b上海新华@c20180901 |
| 905 | @b1158967-71@dC912.12@e1489:3@f5 | |
| 社交与礼仪知识全知道.3/翟文明编著.-北京:中国华侨出版社,2015 |
| 393-588页;25cm |
| 实用经典·海外交流定制版 |
| ISBN 978-7-5113-5245-3:CNY74.00 |
| 本书论述了社交活动中应遵循与注意的规范,和现代社会必需的礼仪技能与知识,具体包括社交心理学、日常交往、识人技巧、语言沟通等内容。 |
| ● |
| 相关链接 |
|
|
|
|
正题名:社交与礼仪知识全知道
索取号:C912.12/1489:3
 
预约/预借
| 序号 | 登录号 | 条形码 | 馆藏地/架位号 | 状态 | 备注 |
| 1 | 1158967 | 211589672 | 第一样本阅览室/ [索取号:C912.12/1489:3] | 在馆 | |
| 2 | 1158968 | 211589681 | 第一借阅区/ [索取号:C912.12/1489:3] | 在馆 | |
| 3 | 1158969 | 211589690 | 第一借阅区/ [索取号:C912.12/1489:3] | 在馆 | |
| 4 | 1158970 | 211589707 | 第一借阅区/ [索取号:C912.12/1489:3] | 在馆 | |
| 5 | 1158971 | 211589716 | 第一借阅区/ [索取号:C912.12/1489:3] | 在馆 |